书目信息 |
| 题名: |
石本建筑工程事务所
|
|
| 作者: | 维塔, 编著 ;葳蕤 , 李嫣 , 马欣 译 | |
| 分册: | ||
| 出版信息: | 北京 中国建筑工业出版社 2004.08 |
|
| 页数: | 143页 | |
| 开本: | 24cm | |
| 丛书名: | 国外建筑师及事务所名作丛书 | |
| 单 册: | ||
| 中图分类: | TU206 | |
| 科图分类: | ||
| 主题词: | 建筑设计--jian zhu she ji--日本--现代--作品集 | |
| 电子资源: | ||
| ISBN: | 7-112-06280-2 | |
| 000 | 01281nam 2200289 450 | |
| 001 | 012007078516 | |
| 005 | 20240509105207.75 | |
| 010 | @a7-112-06280-2@dCNY69.00 | |
| 100 | @a20070820d2004 km y0chiy0120 ea | |
| 101 | 1 | @achi@cita |
| 102 | @aCN@b110000 | |
| 105 | @aa z 000yy | |
| 200 | 1 | @a石本建筑工程事务所@Ashi ben jian zhu gong cheng shi wu suo@d= Ishimoto architectural & engineering firm@f(意) 毛里齐奥·维塔编著@F(yi)mao li qi ao·wei ta bian zhu@g葳蕤, 李嫣, 马欣译@Gwei rui,li yan,ma xin yi@zeng |
| 210 | @a北京@c中国建筑工业出版社@d2004.08 | |
| 215 | @a143页@c彩图@d24cm | |
| 225 | 2 | @a国外建筑师及事务所名作丛书@Aguo wai jian zhu shi ji shi wu suo ming zuo cong shu |
| 330 | @a本书展示的作品包括米兰理工大学城、海口国际展览中心、东京科技园、东京国际交流中心、地方自治大学等。各作品均提供了使用性质、设计/指导、结构、占地面积、预计竣工日期等内容。 | |
| 410 | 0 | @12001 @a国外建筑师及事务所名作丛书 |
| 500 | 10 | @aIshimoto architectural & engineering firm@mChinese |
| 606 | 0 | @a建筑设计@Ajian zhu she ji@y日本@z现代@j作品集 |
| 690 | @aTU206@v4 | |
| 701 | 1 | @a维塔,@Awei ta@b毛里齐奥@4编著 |
| 702 | 0 | @a葳蕤@Awei rui@4译 |
| 702 | 0 | @a李嫣@Ali yan@4译 |
| 702 | 0 | @a马欣@Ama xin@4译 |
| 801 | 0 | @aCN@b河南城建学院图书馆@c20070920 |
| 905 | @dTU206@eW538 | |
| 石本建筑工程事务所= Ishimoto architectural & engineering firm/(意) 毛里齐奥·维塔编著/葳蕤, 李嫣, 马欣译.-北京:中国建筑工业出版社,2004.08 |
| 143页:彩图;24cm.-(国外建筑师及事务所名作丛书) |
| ISBN 7-112-06280-2:CNY69.00 |
| 本书展示的作品包括米兰理工大学城、海口国际展览中心、东京科技园、东京国际交流中心、地方自治大学等。各作品均提供了使用性质、设计/指导、结构、占地面积、预计竣工日期等内容。 |
| ● |
| 相关链接 |
|
|
|
正题名:石本建筑工程事务所
索取号:TU206/W538
 
预约/预借
| 序号 | 登录号 | 条形码 | 馆藏地/架位号 | 状态 | 备注 |
| 1 | 1449964 | 214499648 | 建筑库101/101建筑库 43排5列1层/ [索取号:TU206/W538] | 在馆 | |
| 2 | 1449965 | 214499657 | 建筑库101/101建筑库 43排5列1层/ [索取号:TU206/W538] | 在馆 | |
| 3 | 1449966 | 214499666 | 建筑库101/101建筑库 43排5列1层/ [索取号:TU206/W538] | 在馆 | |
| 4 | 1552130 | 215521308 | 建筑库101/101建筑库 43排2列4层/ [索取号:TU206/W538] | 在馆 | |
| 5 | 1552131 | 215521317 | 建筑库101/101建筑库 43排2列4层/ [索取号:TU206/W538] | 在馆 | |
| 6 | 1552132 | 215521326 | 建筑库101/101建筑库 43排2列4层/ [索取号:TU206/W538] | 在馆 | |
| 7 | 261351 | 202613519 | 建筑库101/101建筑库 43排2列4层/ [索取号:TU206/W538] | 在馆 | |
| 8 | 261352 | 202613528 | 建筑与城市规划学院资料室/101建筑库 16排4列5层/ [索取号:TU206/W538] | 在馆 |